Pailebot Santa Eulàlia
Descripción Física:
1 quadríptic ; il. col. ; 15 x 11 cm.
Idioma:
Catalán
MARC
| LEADER | 00000nam a22000007a 4500 | ||
|---|---|---|---|
| 001 | 27458 | ||
| 003 | Arxiu | ||
| 005 | 20260324181154.0 | ||
| 008 | 230306b spa||||| |||| 00| 0 cat d | ||
| 017 | |a B 29776-2018 | ||
| 040 | |a agdb |b cat | ||
| 041 | |a cat | ||
| 110 | |9 10020 |a Museu Marítim (Barcelona, Catalunya) | ||
| 245 | |a Pailebot Santa Eulàlia | ||
| 260 | |a Barcelona : |b Museu Marítim de Barcelona ; |c 2018 | ||
| 300 | |a 1 quadríptic ; |b il. col. ; |c 15 x 11 cm. | ||
| 610 | 0 | |a Santa Eulàlia (Vaixell) |x Centenaris, etc. | |
| 710 | 2 | |9 55893 |a Consorci de les Drassanes de Barcelona | |
| 710 | 1 | |a Barcelona (Catalunya). |b Ajuntament |9 50981 | |
| 710 | 1 | |a Barcelona (Catalunya : Província). |b Diputació |9 52408 | |
| 710 | 2 | |9 51934 |a Port de Barcelona | |
| 942 | |2 udc |c ARXIU |n 1 | ||
| 952 | |0 0 |1 0 |2 udc |4 0 |6 FU7496 |7 1 |9 65444 |a Arxiu |b Arxiu |d 2023-03-06 |l 0 |o FU-74-96 |p 27458 |r 2023-03-06 00:00:00 |w 2023-03-06 |y ARXIU | ||
| 999 | |c 83133 |d 83133 | ||